[Event "Rhein Main op-A 16th"]
[Site "Bad Homburg"]
[Date "2013.06.01"]
[Round "6"]
[White "Seidel, Juergen"]
[Black "Egenolf, Dirk"]
[Result "1/2-1/2"]
[WhiteElo "2072"]
[BlackElo "1909"]
[PlyCount "58"]
[EventDate "2013.05.29"]
[EventType "swiss"]
[EventRounds "7"]
[EventCountry "GER"]
[SourceTitle "EXT 2014"]
[Source "ChessBase"]
[SourceDate "2013.11.20"]
[SourceVersion "1"]
[SourceVersionDate "2013.11.20"]
[SourceQuality "1"]

1. Nf3 g6 2. d4 Bg7 3. c4 Nf6 4. Nc3 d6 5. e4 0-0 6. h3 e5 7. d5 a5 8. Be3 h6 9. Nd2 Nxe4 10. Ndxe4 f5 11. Bd3 fxe4 12. Bxe4 Bf5 13. Qd2 Bxe4 14. Nxe4 Kh7 15. h4 Qd7 16. 0-0-0 Qa4 17. Qd3 Qxa2 18. h5 Kh8 19. hxg6 a4 20. Kd2 Qxb2+ 21. Qc2 Qxc2+ 22. Kxc2 Na6 23. Bxh6 Bxh6 24. Rxh6+ Kg7 25. Rh7+ Kxg6 26. Rdh1 Nc5 27. R1h6+ Kf5 28. Ng3+ Kg5 29. Rh5+ Kg6 1/2-1/2